000 00265nam a22001097a 4500
008 160518b xxu||||| |||| 00| 0 eng d
020 _a1578398509
041 _aeng
080 _a61
245 _aPeds / Pediatric nursing clinical reference:
_cHCPro;
942 _2udc
_cBK
999 _c2202
_d2202